Ministerial Functions Act 1969 : All amendments up to July, 1996 Act 2 .

Bibliographic Details
Corporate Author: MALAYSIA
Format: Book
Published: Kuala Lumpur : MDC Pub. , 1996
Series:Laws of Malaysia
Subjects:

MARC

LEADER 00000cam a2200000 7i4500
001 0000000301
005 20000728.0
090 0 0 |a 352.2432293595   |b MAL 1996 
110 1 0 |a MALAYSIA 
245 1 0 |a Ministerial Functions Act 1969 :   |b All amendments up to July, 1996 Act 2 .   |l Akta Tugas-Tugas Menteri 1969 :   |b Semua pindaan hingga Julai 1996 Akta 2 
260 0 0 |a Kuala Lumpur :   |b MDC Pub. ,   |c 1996 
300 |a 99 p. ;   |c 26 cm. 
440 0 0 |a Laws of Malaysia 
650 0 0 |a Ministerial responsibility   |x Law and legislation   |z Malaysia 
999 |a 0000001393   |b Monograph   |c Open Shelf   |e Default branch 
999 |a 0000001503   |b Monograph   |c Reference   |e Default branch